<?xml version="1.0" encoding="UTF-8"?>
<record
    xmlns:xsi="http://www.w3.org/2001/XMLSchema-instance"
    xsi:schemaLocation="http://www.loc.gov/MARC21/slim http://www.loc.gov/standards/marcxml/schema/MARC21slim.xsd"
    xmlns="http://www.loc.gov/MARC21/slim">

  <leader>01584nam a22003257a 4500</leader>
  <controlfield tag="001">4421</controlfield>
  <controlfield tag="003">FISKH</controlfield>
  <controlfield tag="005">20260327104730.0</controlfield>
  <controlfield tag="008">240904b        cb ||||| |||| 00| 0 eng d</controlfield>
  <datafield tag="020" ind1=" " ind2=" ">
    <subfield code="a">9789995054106</subfield>
  </datafield>
  <datafield tag="040" ind1=" " ind2=" ">
    <subfield code="a">FISKH</subfield>
    <subfield code="c">FISKH</subfield>
    <subfield code="d">FISKH</subfield>
    <subfield code="b">Khmer </subfield>
  </datafield>
  <datafield tag="050" ind1=" " ind2=" ">
    <subfield code="a">PZ7</subfield>
  </datafield>
  <datafield tag="082" ind1=" " ind2=" ">
    <subfield code="a">580 </subfield>
  </datafield>
  <datafield tag="100" ind1=" " ind2=" ">
    <subfield code="a">Dary, Heng</subfield>
    <subfield code="e">&#x1793;&#x17B6;&#x1799;&#x17B7;&#x1780;&#x17B6;&#x179F;&#x1798;&#x17BC;&#x17A0;&#x1780;&#x1798;&#x17D2;&#x1798;</subfield>
  </datafield>
  <datafield tag="245" ind1=" " ind2=" ">
    <subfield code="a">&#x1780;&#x17B6;&#x179A;&#x178A;&#x17B6;&#x17C6;&#x178F;&#x17D2;&#x179A;&#x1780;&#x17BD;&#x1793;&#x200B; /</subfield>
    <subfield code="c">&#x17A0;&#x17C1;&#x1784; &#x178A;&#x17B6;&#x179A;&#x17B8;</subfield>
  </datafield>
  <datafield tag="250" ind1=" " ind2=" ">
    <subfield code="a">Edtion SIPAR 2009</subfield>
  </datafield>
  <datafield tag="260" ind1=" " ind2=" ">
    <subfield code="a">Phnom Penh :</subfield>
    <subfield code="b">Sipar ;</subfield>
    <subfield code="c">2009 . </subfield>
  </datafield>
  <datafield tag="300" ind1=" " ind2=" ">
    <subfield code="a">44&#x200B;&#x200B; pages : </subfield>
    <subfield code="b">color illustrations ;</subfield>
    <subfield code="c">29 cm . </subfield>
  </datafield>
  <datafield tag="490" ind1=" " ind2=" ">
    <subfield code="a">&#x1784;&#x17B6;&#x1799;&#x17D7;&#x1796;&#x17B8; .....</subfield>
  </datafield>
  <datafield tag="505" ind1=" " ind2=" ">
    <subfield code="a">K 
</subfield>
  </datafield>
  <datafield tag="520" ind1=" " ind2=" ">
    <subfield code="a">&#x1784;&#x17B6;&#x1799;&#x17D7;&#x1796;&#x17B8;&#x1780;&#x17B6;&#x179A;&#x178A;&#x17B6;&#x17C6;&#x178F;&#x17D2;&#x179A;&#x1780;&#x17BD;&#x1793; &#x1787;&#x17B6;&#x179F;&#x17C0;&#x179C;&#x1797;&#x17C5;&#x1791;&#x17B8;&#x1794;&#x17B8;&#x178A;&#x17C2;&#x179B;&#x1794;&#x1784;&#x17D2;&#x17A0;&#x17B6;&#x1789;&#x1796;&#x17B8;&#x179A;&#x1794;&#x17C0;&#x1794;&#x179A;&#x17C0;&#x1794;&#x1785;&#x17C6;&#x179A;&#x1784; &#x179A;&#x17A0;&#x17BC;&#x178F;&#x178A;&#x179B;&#x17CB;&#x1780;&#x17B6;&#x179A;&#x1791;&#x17BB;&#x1780;&#x1782;&#x17D2;&#x179A;&#x17B6;&#x1794;&#x17CB;&#x1796;&#x17BC;&#x1787; &#x1793;&#x17B7;&#x1784;&#x1798;&#x17B6;&#x1793;&#x179C;&#x17B7;&#x1792;&#x17B8;&#x1792;&#x17D2;&#x179C;&#x17BE;&#x1798;&#x17D2;&#x17A0;&#x17BC;&#x1794;&#x179F;&#x17B6;&#x1798;&#x1789;&#x17D2;&#x1789;&#x17D7; &#x178A;&#x17C4;&#x1799;&#x1799;&#x1780;&#x178F;&#x17D2;&#x179A;&#x1780;&#x17BD;&#x1793;&#x1787;&#x17B6;&#x1794;&#x1793;&#x17D2;&#x179B;&#x17C2; &#x179F;&#x17C6;&#x179A;&#x17B6;&#x1794;&#x17CB;&#x1794;&#x179A;&#x17B7;&#x1797;&#x17C4;&#x1782;&#x1780;&#x17D2;&#x1793;&#x17BB;&#x1784;&#x1782;&#x17D2;&#x179A;&#x17BD;&#x179F;&#x17B6;&#x179A; &#x17D4;</subfield>
  </datafield>
  <datafield tag="520" ind1=" " ind2=" ">
    <subfield code="a">Easy to grow morning glory  is the third book that shows how to prepare up to the storage of seeds and simple cooking methods using radish as a vegetable for family consumption.</subfield>
  </datafield>
  <datafield tag="521" ind1="8" ind2=" ">
    <subfield code="a">510 
</subfield>
    <subfield code="b">Lexile estimate 
</subfield>
  </datafield>
  <datafield tag="521" ind1="8" ind2=" ">
    <subfield code="a">K 
</subfield>
    <subfield code="b">Raz-Plus 
</subfield>
  </datafield>
  <datafield tag="650" ind1=" " ind2=" ">
    <subfield code="a">&#x178F;&#x17D2;&#x179A;&#x1780;&#x17BD;&#x1793;</subfield>
    <subfield code="v">&#x1782;&#x17D2;&#x179A;&#x17B6;&#x1794;&#x17CB;&#x1796;&#x17BC;&#x1787;</subfield>
  </datafield>
  <datafield tag="650" ind1=" " ind2=" ">
    <subfield code="a">morning glory</subfield>
    <subfield code="v">seed</subfield>
  </datafield>
  <datafield tag="700" ind1=" " ind2=" ">
    <subfield code="a">&#x179F;&#x17BB;&#x1795;&#x17B6;&#x179B;&#x17B6;&#x1797; &#x1789;&#x17B9;&#x1780;&#x200B;</subfield>
    <subfield code="e">illustrator </subfield>
  </datafield>
  <datafield tag="942" ind1=" " ind2=" ">
    <subfield code="2">ddc</subfield>
    <subfield code="c">KHB</subfield>
    <subfield code="n">0</subfield>
  </datafield>
  <datafield tag="999" ind1=" " ind2=" ">
    <subfield code="c">4421</subfield>
    <subfield code="d">4421</subfield>
  </datafield>
  <datafield tag="952" ind1=" " ind2=" ">
    <subfield code="0">0</subfield>
    <subfield code="1">0</subfield>
    <subfield code="2">ddc</subfield>
    <subfield code="4">0</subfield>
    <subfield code="7">0</subfield>
    <subfield code="8">KHMERNF</subfield>
    <subfield code="a">001</subfield>
    <subfield code="b">001</subfield>
    <subfield code="c">TTP</subfield>
    <subfield code="d">2024-09-04</subfield>
    <subfield code="l">0</subfield>
    <subfield code="o">DAR  PZ7 580</subfield>
    <subfield code="p">FIS05250</subfield>
    <subfield code="r">2024-09-04 09:13:21</subfield>
    <subfield code="w">2024-09-04</subfield>
    <subfield code="y">KHB</subfield>
  </datafield>
</record>
